All Disney Animated Home Video Movies - Statistics

General Stats
  • This quiz has been taken 44 times
    18 since last reset
  • The average score is 29 of 68
Answer Stats
Year Movie % Correct
2002 A Very Merry Pooh Year
92%
2003 Piglet's Big Movie
92%
1997 Pooh's Grand Adventure: The Search for Christopher Robin
92%
2005 Pooh's Heffalump Halloween Movie
92%
2005 Pooh's Heffalump Movie
92%
2000 The Tigger Movie
92%
2004 Winnie the Pooh: Springtime with Roo
92%
1997 Beauty and the Beast: The Enchanted Christmas
85%
1998 Belle's Magical World
85%
2002 Cinderella II: Dreams Come True
85%
2007 Cinderella III: A Twist in Time
85%
2007 Disney Princess Enchanted Tales: Follow Your Dream
77%
2008 The Little Mermaid: Ariel's Beginning
77%
2000 The Little Mermaid II: Return to the Sea
77%
1996 Aladdin and the King of Thieves
62%
1994 Aladdin and the Return of Jafar
62%
1996 Around the World with Timon and Pumbaa
62%
2004 The Lion King 1½
62%
1998 The Lion King 2: Simba's Pride
62%
2006 Bambi II
54%
2004 Mickey, Donald, Goofy: The Three Musketeers
54%
2003 The Jungle Book 2
54%
2001 Lady and the Tramp II: Scamp's Adventure
46%
2002 Mickey's House of Villains
46%
2001 Mickey's Magical Christmas: Snowed in at the House of Mouse
46%
1999 Mickey's Once Upon a Christmas
46%
2004 Mickey's Twice Upon a Christmas
46%
2005 Mulan II
46%
1998 Pocahontas II: Journey to a New World
46%
2003 101 Dalmatians II: Patch's London Adventure
38%
1995 A Goofy Movie
38%
2000 An Extremely Goofy Movie
38%
2006 Brother Bear 2
38%
2000 Buzz Lightyear of Star Command: The Adventure Begins
38%
1999 Hercules: Zero to Hero
38%
2002 Peter Pan in Return to Neverland
38%
2013 Planes
38%
2014 Planes: Fire and Rescue
38%
2002 Tarzan and Jane
38%
2005 Tarzan II
38%
2006 The Fox and the Hound 2
38%
2002 The Hunchback of Notre Dame II
38%
2012 Secret of the Wings
31%
2014 The Pirate Fairy
31%
2008 Tinker Bell
31%
2010 Tinker Bell and the Great Fairy Rescue
31%
2015 Tinker Bell and the Legend of the NeverBeast
31%
2009 Tinker Bell and the Lost Treasure
31%
1990 Ducktales the Movie: Treasure of the Lost Lamp
23%
2005 Kronk's New Groove
23%
2006 Leroy and Stitch
23%
2005 Lilo and Stitch 2: Stitch Has a Glitch
23%
2003 Stitch! The Movie
23%
2003 Atlantis: Milo's Return
15%
1999 Doug's 1st Movie
8%
1995 Gargoyles the Movie: The Heroes Awaken
8%
2004 Kim Possible: A Sitch in Time
8%
2005 Kim Possible Movie: So the Drama
8%
1997 Mighty Ducks the Movie: The First Face-Off
8%
2011 Phineas and Ferb the Movie: Across the 2nd Dimension
8%
2020 Phineas and Ferb the Movie: Candace Against the Universe
8%
2003 Recess: All Growed Down
8%
2001 Recess Christmas: Miracle on Third Street
8%
2003 Recess: Taking the Fifth Grade
8%
2004 Teacher's Pet
8%
2005 The Proud Family Movie
8%
1998 The Brave Little Toaster Goes to Mars
0%
1999 The Brave Little Toaster to the Rescue
0%
No matching quizzes found
Score Distribution
Percent of People with Each Score
Percentile by Number Answered
Your Score History
You have not taken this quiz since the last reset